| 000 | 00384nam a2200157Ia 4500 | ||
|---|---|---|---|
| 008 | 230917s9999||||xx |||||||||||||| ||und|| | ||
| 040 |
_e190505 _aMAIN |
||
| 041 | _aEnglish | ||
| 082 | _a515.35 R136A(14) | ||
| 100 | _aRaisinghania, M D | ||
| 245 | 0 | _aAdvanced differental equations | |
| 250 | _a14th ed. | ||
| 260 |
_aNew Delhi _bS Chand _c2001 |
||
| 300 | _av. p. | ||
| 942 | _cBK | ||
| 999 |
_c157450 _d157450 |
||